000 00729nam a2200253Ia 4500
003 OSt
005 20220925212947.0
006 a|||||r|||| 00| 0
007 ta
008 220923b |||||||| |||| 00| 0 eng d
020 _a0631154795
_c
_2750
037 _b16061, 31/08/1987, S.S.S
_cGeneral Book
040 _aRTL
_cRTL
_beng
041 _2eng
_aeng
082 _aX.5.J, M7
100 _aDay John
_9115129
245 0 _aMedieval market economy
260 _aLondon
_bBasil Blackwell
_c1987
300 _avii,232p.
_ccm.
500 _aBibliography: P 219-24
650 _aEconomic Conditions
_930695
942 _hX.5.J, M7
_cGB
_2CC
999 _c561662
_d561662